Ekonomika verejného sektora (vybrané kapitoly)

Bibliographic Details
Main Authors: Hamalová, Marta, 1939- (Author), Martinka, Jozef, 1940- (Author)
Format: Book
Language:Slovak
PhysicalDescription:109 s. 25 cm
Published: Bratislava Akadémia Policajného zboru 2006
ISBN:8080543755 (brož.)
Edition:1. vyd.
Subjects:

MARC

LEADER 00000nam a2200000 a 4500
001 vtls008827945
003 SK-MaSNL
005 20260301205619.0
008 160610s2006 xo d p 000 0 slo
015 |a SNBA2006/06-03502 
020 |a 8080543755 (brož.) 
035 |a CD17492B-4F20-4911-88A5-1C161BF1252C 
035 |a urn:nbn:sk:snk-aml29c 
035 |a urn:nbn:sk:snk-am008m6b 
040 |a SNK  |b slo  |c SNK  |e AACR2 
041 0 |a slo 
044 |a xo  |c SK 
072 7 |a 336.1/.5  |x Verejné financie  |2 konspekt 
080 |a (075.8)  |2 2001 
080 |a 336.13  |2 2001 
100 1 |a Hamalová, Marta,  |d 1939-  |4 aut  |9 121958 
245 1 0 |a Ekonomika verejného sektora  |b (vybrané kapitoly)  |c Marta Hamalová, Jozef Martinka 
250 |a 1. vyd. 
260 |a Bratislava  |b Akadémia Policajného zboru  |c 2006 
300 |a 109 s.  |c 25 cm 
366 |e 80 výtl. 
504 |a Bibliogr. s. 109 
650 0 7 |a ekonomika verejného sektora  |2 SNKPH  |9 68084 
655 7 |a učebnice vysokých škôl  |2 SNKPH  |9 70191 
700 1 |a Martinka, Jozef,  |d 1940-  |4 aut  |9 219150 
919 |a 80-8054-375-5 
958 |a OND 
999 |c 910795  |d 912725 
952 |a SNK  |b SNK  |y PREZ  |7 0  |p 17A0511642  |o snkSC 124075  |i snk2006/13328  |8 0  |0 0  |1 0  |4 0  |d 2006-06-30  |f 1  |l 0  |r 2025-06-05 00:00:00  |w 2026-02-24 
952 |a SNK  |b SNK  |y VYP  |7 0  |p 17A0511641  |o snkSC 124075 D1  |i snk2006/13329  |8 0  |0 0  |1 0  |4 0  |d 2006-06-30  |l 0  |r 2026-02-24 07:42:33  |w 2026-02-24